Managing Quality: Integrating the Supply Chain. (Record no. 5395)

MARC details
005 - DATE AND TIME OF LATEST TRANSACTION
control field 20250626142445.0
020 ## - INTERNATIONAL STANDARD BOOK NUMBER
International Standard Book Number 0-13-223996-5
082 ## - DEWEY DECIMAL CLASSIFICATION NUMBER
Classification number 658.562 FOS
100 ## - MAIN ENTRY--PERSONAL NAME
Author name FOSTER, S. T.
245 ## - TITLE STATEMENT
Title Managing Quality: Integrating the Supply Chain.
250 ## - EDITION STATEMENT
Edition statement 3rd Ed.
260 ## - PUBLICATION, DISTRIBUTION, ETC.
Place of publication, distribution, etc. New Jersey,
Name of publisher, distributor, etc. Pearson Prentice Hall,
Date of publication, distribution, etc. 2007.
300 ## - PHYSICAL DESCRIPTION
Extent xxiii ,568p.: ill.;figure
Other physical details Index
Dimensions 29cm
942 ## - ADDED ENTRY ELEMENTS (KOHA)
Source of classification or shelving scheme Dewey Decimal Classification
Koha item type Books
Holdings
Date last seen Total checkouts Full call number Barcode Cost, replacement price Price effective from Koha item type Lost status Source of classification or shelving scheme Damaged status Not for loan Withdrawn status Home library Current library Shelving location Date acquired Cost, normal purchase price
06/26/2025   658.562 FOS DOM0001248 90000.00 06/26/2025 Books   Dewey Decimal Classification       CBE Dodoma CBE Dodoma General Collection 04/12/2011 30000.00
06/26/2025   658.562 FOS DOM0001249 90000.00 06/26/2025 Books   Dewey Decimal Classification       CBE Dodoma CBE Dodoma General Collection 04/12/2011 30000.00
06/29/2025   658.562 FOS DOM0003806 90000.00 06/29/2025 Books   Dewey Decimal Classification       CBE Dodoma CBE Dodoma General Collection 04/12/2011 30000.00
06/29/2025   658.562 FOS DOM0004362 88500.00 06/29/2025 Books   Dewey Decimal Classification       CBE Dodoma CBE Dodoma General Collection 06/29/2011 29500.00
06/29/2025   658.562 FOS DOM0004363 88500.00 06/29/2025 Books   Dewey Decimal Classification       CBE Dodoma CBE Dodoma General Collection 06/29/2011 29500.00